| 000 | 00435cam a2200157 4500 | ||
|---|---|---|---|
| 020 | _a0520022203 | ||
| 040 | _cDLC | ||
| 082 | _a368 UNI 1972 A069 Or. | ||
| 100 | 1 | _aRoadarmel, Gordon C., | |
| 245 | 1 | 2 |
_aA death in Delhi; _bmodern Hindi short stories / |
| 260 |
_aBerkeley, _bUniversity of California Press _c[1972] |
||
| 300 |
_a211 p. _c23 cm. |
||
| 650 | 0 | _aShort stories, English. | |
| 650 | 0 | _aShort stories, Hindi | |
| 942 | _cEK | ||
| 999 |
_c14636 _d14636 |
||